Organizational change <an> exploratory study and case history
Guardado en:
| Autor principal: | |
|---|---|
| Formato: | Libro |
| Lenguaje: | inglés |
| Publicado: |
New York
New York State School of Industrial and Labor Relations
1974
|
| Colección: | ILR paperback
No. 15 |
| Materias: | |
| Etiquetas: |
Sin Etiquetas, Sea el primero en etiquetar este registro!
|
MARC
| LEADER | 00000nam a2200000 4500 | ||
|---|---|---|---|
| 001 | c100721 | ||
| 005 | 20221207074004.7 | ||
| 020 | |a 0-87546-055-0 | ||
| 041 | 0 | |a eng | |
| 044 | |a US | ||
| 245 | 1 | 0 | |a Organizational change |b <an> exploratory study and case history |c Michael Tushman |
| 264 | 1 | |a New York |b New York State School of Industrial and Labor Relations |c 1974 | |
| 300 | |a 104 s. | ||
| 490 | 1 | |a ILR paperback |v No. 15 | |
| 830 | 0 | |a ILR paperback |v No. 15 | |
| 610 | 2 | 0 | |a zmeny organizačné |
| 610 | 2 | 0 | |a zmeny štruktúrne |
| 610 | 2 | 0 | |a zmeny technologické |
| 610 | 2 | 0 | |a pracovníci |
| 610 | 2 | 0 | |a správanie |
| 610 | 2 | 0 | |a správanie organizačné |
| 100 | 1 | |a Tushman, Michael | |